000 00437nam a2200181Ia 4500
001 15873
005 20260306170228.0
008 260306t2010||||xx |||||||||||||| ||und||
041 _aESP
082 _a620.112
_bM88 2009
100 _aMott, Robert L.
_eAUT
245 0 _aResistencia de materiales:
_bestática
260 _c2010
300 _a000 páginas :
_c00 cm.
650 _aGEN
654 _aCIA
942 _cLIB
_dJUS
_fJUS
_2ddc
_n
999 _c15873
_d15873